| 000 | 02236nam a2200325 i 4500 | ||
|---|---|---|---|
| 001 | 768714001 | ||
| 003 | CO-MdFUSB | ||
| 005 | 20220706164859.0 | ||
| 007 | ta | ||
| 008 | 220210t2017 -us |||| |||| 00| 0 eng d | ||
| 020 | _a0268019444 | ||
| 040 |
_aCO-MdFUSB _bspa _cCO-MdFUSB _dCO-MdFUSBC _erda |
||
| 041 | _aeng | ||
| 082 |
_223 _a172 _bM152 |
||
| 100 |
_aMacIntyre, Alasdair C. _eautor |
||
| 245 | 1 |
_aWhose justice? _b: which rationality? _c/ Alasdair C. MacIntyre |
|
| 264 | 1 |
_aEstados Unidos : _bUniversity of Notre Dame Press, _c[2017] |
|
| 264 | 4 | _c© 2017 | |
| 300 |
_a410 páginas _c; 23 cm |
||
| 336 |
_2rdacontent _atexto _btxt |
||
| 337 |
_2rdamedia _asin mediación _bn |
||
| 338 |
_2rdacarrier _avolumen _bnc |
||
| 505 | _aJusticias rivales, racionalidades en competencia -- Justicia y acción en la imaginación homérica -- La división de la herencia poshomérica -- Atenas puesta en cuestión -- Platón y la investigación racional -- Aristóteles como heredero de Platón -- Aristóteles sobre la justicia -- Aristóteles sobre la racionalidad práctica -- La alternativa agustiniana -- Superando un conflicto de tradiciones -- Tomás de Aquino sobre la racionalidad práctica y la justicia -- El trasfondo agustiniano y aristotélico de la Ilustración escocesa -- La filosofía en el orden social escocés -- Hutcheson sobre la justicia y la racionalidad práctica -- La subversión anglosajona de Hume -- Hume sobre la racionalidad práctica y la justicia -- El liberalismo transformado en tradición -- La racionalidad de las tradiciones -- Tradición y traducción -- ¿Justicias impugnadas, racionalidades impugnadas. | ||
| 520 | _a¿Hay alguna causa o guerra por la que valga la pena arriesgar la vida? ¿Cómo podemos determinar qué acciones son vicios y qué virtudes? MacIntyre, profesor de filosofía en la Universidad de Vanderbilt, desentraña estas y otras preguntas similares al vincular el concepto de justicia con lo que él llama racionalidad práctica. Rechaza el criterio utilitario de agarrar lo que puedas adoptado por los relativistas morales. | ||
| 650 | 7 |
_2embne _92116 _aJusticia |
|
| 650 | 7 |
_9186 _aÉtica social. |
|
| 942 | _cBK | ||
| 945 | _aJTF-925 | ||
| 999 |
_c67128 _d67128 |
||